00393 2200157 4500001002100000005001500021035002000036245006300056100001700119300001200136260003100148082000800179084001400187020002200201990001200223INLIS00000000000175120250505022651 a0010-05250000431 aPacar Story :bSusah Senang Senang Terus ! /cNikol Kidman0 aNikol Kidman a188 hlm aBogor :bKubusmedia,c2018 a813 a813 NIK p a978-602-6731-17-3 a0754616